Η δυσκολία οριοθέτησης της υφαλοκρηπίδας μεταξύ Ελλάδας - Τουρκίας και οι οικονομικές επιπτώσεις : διπλωματική εργασία [μεταπτυχιακή εργασία]

Αποθηκεύτηκε σε:
Λεπτομέρειες βιβλιογραφικής εγγραφής
Κύριος συγγραφέας: Κυπριώτη, Κλεοπάτρα Τρ
Συγγραφή απο Οργανισμό/Αρχή: Πανεπιστήμιο Αιγαίου Σχολή Ανθρωπιστικών Επιστημών Τμήμα Μεσογειακών Σπουδών Πρόγραμμα Μεταπτυχιακών Σπουδών Πολιτικές, Οικονομικές και Διεθνείς Σχέσεις στη Μεσόγειο
Άλλοι συγγραφείς: Σεϊμένης, Γιάννης (Εισηγητής διατριβής)
Μορφή: Thesis Βιβλίο
Γλώσσα:Greek
Δημοσίευση: 2010
Θέματα:
Διαθέσιμο Online:http://hdl.handle.net/11610/12418
Ετικέτες: Προσθήκη ετικέτας
Δεν υπάρχουν, Καταχωρήστε ετικέτα πρώτοι!

MARC

LEADER 00000cam a2200000 i 4500
001 1/13716
008 110616s2010 gre d
035 |l 10110306 
040 |a GR-MY-UA  |b gre  |e aacr 
041 0 |a gre 
082 0 |a 341.448  |2 (22) 
100 1 |a Κυπριώτη, Κλεοπάτρα Τρ. 
245 1 2 |a Η δυσκολία οριοθέτησης της υφαλοκρηπίδας μεταξύ Ελλάδας - Τουρκίας και οι οικονομικές επιπτώσεις :  |b διπλωματική εργασία [μεταπτυχιακή εργασία] /  |c Κυπριώτη Κλεοπάτρα ; επιβλέπων: Σεϊμένης Ιωάννης 
260 |c 2010 
300 |a 106 σ.;  |c 30 εκ. 
500 |a Μέλη εξεταστικής επιτροπής: Σακκάς Ιωάννης, Σατλάνης Χρήστος 
502 |a Διατριβή (μεταπτυχιακή) – Πανεπιστήμιο Αιγαίου, Ρόδος, 2010. 
504 |a Βιβλιογραφία: σ. 62-65 
650 0 0 |a Law of the sea  |z Aegean Sea Region. 
650 0 0 |a Territorial waters  |z Greece  |z Aegean sea. 
650 0 0 |a Territorial waters  |z Turkey. 
650 0 0 |a Dissertations, Academic  |z Greece. 
651 0 |a Aegean Sea Region  |x Economic policy. 
700 1 |a Σεϊμένης, Γιάννης.  |4 ths 
710 2 |a Πανεπιστήμιο Αιγαίου  |b Σχολή Ανθρωπιστικών Επιστημών  |b Τμήμα Μεσογειακών Σπουδών  |b Πρόγραμμα Μεταπτυχιακών Σπουδών Πολιτικές, Οικονομικές και Διεθνείς Σχέσεις στη Μεσόγειο. 
852 |a INST  |b RHODES  |c DIATR  |e 20110616  |h 341.448 ΚΥΠ  |p 005400033256  |q 005400033256  |t MTXE  |y 23 
852 |a INST  |b RHODES  |c DIATR  |e 20110616  |h 341.448 ΚΥΠ  |p 005400033465  |q 005400033465  |t MTXE  |y 23 
856 |u http://hdl.handle.net/11610/12418 
901 |a BIBL4-2011-2 
909 |a Ρ  |b 163697 
909 |a Ρ  |b 163698 
924 |a ΚΥΠΡΙΩΤΗ  |b ΚΛΕΟΠΑΤΡΑ  |y ΡΟΔΟΣ  |z 2011-06 
970 |z 2010/05/